000 00552nam a22001577a 4500
999 _c535579
_d535579
020 _qHard Cover.
082 _a621.3
100 _aWallam, Fahad Abdul Aziz
245 _aA robust control scheme for nonlinear non-ISO thermal jacketed continuous stirred tank reactor /
_cFahad abdul Aziz Wallam.
260 _aIslamabad:
_bPNEC NUST,
_c2016.
300 _a60 p. :
_bill. ;
_c30cm.
942 _2ddc
_cTHE
650 _aElectrical Engineering MS-Thesis.
_916073
700 _aDr. Attaullah
_930238